| Tag |
First Indicator |
Second Indicator |
Subfields |
| LEADER |
00000cam a2200000Li 4500 |
| 001 |
in00003519021 |
| 006 |
m o d |
| 007 |
cr |n| |
| 008 |
141013s2014 cau ob 001 0beng d |
| 005 |
20250816223650.2 |
| 020 |
|
|
|a 1440830142
|q (electronic bk.)
|
| 020 |
|
|
|a 9781440830143
|q (electronic bk.)
|
| 020 |
|
|
|z 9781440830136
|q (hbk. : alk. paper)
|
| 020 |
|
|
|z 1440830134
|q (hbk. : alk. paper)
|
| 035 |
|
|
|a (NhCcYBP)ebr10929650
|
| 040 |
|
|
|a NhCcYBP
|c NhCcYBP
|d UtOrBLW
|
| 043 |
|
|
|a n-us---
|
| 050 |
|
4 |
|a HD9696.2.U62
|b G3724 2014
|
| 082 |
0 |
4 |
|a 338.7/61004092
|a B
|2 23
|
| 084 |
|
|
|a BIO003000
|a BUS077000
|a BIO000000
|2 bisacsh
|
| 100 |
1 |
|
|a Becraft, Michael B.
|
| 245 |
1 |
0 |
|a Bill Gates :
|b a biography /
|c Michael B. Becraft.
|
| 264 |
|
1 |
|a Santa Barbara, California :
|b Greenwood, An Imprint Of ABC-CLIO, LLC,
|c [2014]
|
| 300 |
|
|
|a 1 online resource.
|
| 336 |
|
|
|a text
|b txt
|2 rdacontent
|
| 337 |
|
|
|a computer
|b c
|2 rdamedia
|
| 338 |
|
|
|a online resource
|b cr
|2 rdacarrier
|
| 490 |
1 |
|
|a Greenwood biographies
|
| 504 |
|
|
|a Includes bibliographical references and index.
|
| 588 |
0 |
|
|a Print version record.
|
| 500 |
|
|
|a Electronic resource.
|
| 600 |
1 |
0 |
|a Gates, Bill,
|d 1955-
|
| 610 |
2 |
0 |
|a Microsoft Corporation
|x History.
|
| 650 |
|
0 |
|a Businessmen
|z United States
|v Biography.
|
| 655 |
|
7 |
|a Electronic books.
|2 local
|
| 710 |
2 |
|
|a ebrary, Inc.
|
| 776 |
1 |
8 |
|c Original
|z 9781440830136
|z 1440830134
|w (DLC) 2014017770
|
| 830 |
|
0 |
|a Greenwood biographies.
|
| 856 |
4 |
1 |
|u https://ebookcentral.proquest.com/lib/tamucs/detail.action?docID=1782363
|y Connect to the full text of this electronic book
|t 0
|
| 955 |
|
|
|a YBP purchased DDA e-records
|
| 980 |
|
|
|b 55.50
|g 1
|
| 999 |
f |
f |
|s 338a02fe-6bd6-307e-aa11-506355081675
|i 114a0a9f-ba37-3950-afbc-0292eb9c2d2d
|t 0
|
| 999 |
|
|
|a MARS
|
| 952 |
f |
f |
|a Texas A&M University
|b College Station
|c Electronic Resources
|d Available Online
|t 0
|e HD9696.2.U62 G3724 2014
|h Library of Congress classification
|
| 998 |
f |
f |
|a HD9696.2.U62 G3724 2014
|t 0
|l Available Online
|